00577nam a2200217Ia 4500008004100000020001800041050001700059050001800076100002300094245004300117245004000160250001700200260001600217260002200233260000900255300001500264300002000279300001100299500002000310650002900330180523s9999 xx 000 0 und d a978-254-152-7 aMAIN HG 4026 b.B75 2004 c.1 aBrigham, Eugene F. 0aFundamentals of financial management / 0cEugene F. Brigham, Joel F. Houston. a10th Edition aSingapore : bThomson Learning, c2004 a831 pages: billustrations ; c24 cm. aIncludes index. aCorporations -- Finance.